| 000 | 01853nam a22002057a 4500 | ||
|---|---|---|---|
| 005 | 20220323143122.0 | ||
| 008 | 220317b ||||| |||| 00| 0 eng d | ||
| 020 | _a9781481438285 | ||
| 040 | _cAL | ||
| 041 | _aeng | ||
| 082 |
_223 _a813.6 _bREYL |
||
| 100 |
_aJason Reynolds _923982 |
||
| 245 |
_aLook both ways: _ba tale told in ten blocks |
||
| 260 |
_aNew York _bAtheneum Books _c2019 |
||
| 300 |
_a188p. _bHB _c22x14cm. |
||
| 365 |
_2General _a6320 _b₹389.22 _c₹ _d₹499.00 _e22% _f08/03/2022 |
||
| 520 | _aA National Book Award Finalist.Coretta Scott King Author Honor Book.Carnegie Medal winner.An NPR Favorite Book of 2019.A New York Times Best Children’s Book of 2019.A Time Best Children’s Book of 2019.A Today Show Best Kids’ Book of 2019.A Washington Post Best Children’s Book of 2019.A School Library Journal Best Middle Grade Book of 2019.A Publishers Weekly Best Book of 2019.A Kirkus Reviews Best Middle Grade Book of 2019.“As innovative as it is emotionally arresting.” —Entertainment Weekly.From National Book Award finalist and #1 New York Times bestselling author Jason Reynolds comes a novel told in ten blocks, showing all the different directions kids’ walks home can take.This story was going to begin like all the best stories. With a school bus falling from the sky. But no one saw it happen. They were all too busy.Talking about boogers.Stealing pocket change. Braving up.Executing complicated handshakes.Planning an escape.Making jokes.Lotioning up.Finding comfort.But mostly, too busy walking home. Jason Reynolds conjures ten tales (one per block) about what happens after the dismissal bell rings, and brilliantly weaves them into one wickedly funny, piercingly poignant look at the detours we face on the walk home, and in life. | ||
| 650 |
_2American fiction _aLiterature _925377 |
||
| 942 |
_2ddc _cBK |
||
| 999 |
_c221927 _d221927 |
||